000 00411cam a2200169 4500
001 D13284
008 090401t1900 xxu||||| |||| 00| 0 eng d
035 _a(Sirsi) u8867
041 _aeng
100 _aLintern, William
245 _aTraverse tables for use in mine surveying
260 _aLondon
_bCrosby Lockwood and Son
_c1900
350 _a0
520 _aShelf 118
942 _n0
948 _c04/03/1997
999 _c86572
_d86572